Days of Whine and Noses. Pep Talks for Tuckered - Out Moms

Wedi'i Gadw mewn:
Manylion Llyfryddiaeth
Prif Awdur: Espinoza , Lisa
Fformat: Llyfr
Iaith:English
Cyhoeddwyd: John Wiley & Sons, Inc 2004
Pynciau:
Tagiau: Ychwanegu Tag
Dim Tagiau, Byddwch y cyntaf i dagio'r cofnod hwn!
Thư viện lưu trữ: Mạng thư viện Đại học Đà Nẵng
LEADER 01093cam a22003251a 4500
001 000033415
003 9578
005 20151020000000.0
008 151016s2004 000 eng
020 |a 0787968811 
041 |a eng 
082 |a 420.57  |b ES-L 
100 |a Espinoza , Lisa 
245 |a Days of Whine and Noses. Pep Talks for Tuckered - Out Moms  |c Lisa Espinoza 
260 |a John Wiley & Sons, Inc  |c 2004 
300 |a 165p. : ill ; 15cm 
650 |a Days of Whine and Noses. Pep Talks for Tuckered - Out Moms 
852 |b Chuyên đề  |c Tiếng Anh tham khảo 1 
OWN |a LNN 
AVA |a UDN50  |b LNN  |d 420.57 ES-L  |e available  |t Error 5001 Not defined in file expand_doc_bib_avail.  |f 1  |g 0  |h N  |i 0  |k 1 
999 |a From the UDN01 
AVA |a UDN50  |b LNN  |d 420.57 ES-L  |e available  |t Error 5001 Not defined in file expand_doc_bib_avail.  |f 1  |g 0  |h N  |i 0  |k 1 
TYP |a Monograph 
980 |a Mạng thư viện Đại học Đà Nẵng